Remediation engineering: design concepts

محفوظ في:
التفاصيل البيبلوغرافية
المؤلف الرئيسي: Suthersan, Suthan S (مؤلف)
التنسيق: كتاب
اللغة:الإنجليزية
منشور في: Boca Ratón Lewis Publishers 1997
الموضوعات:
الوسوم: إضافة وسم
لا توجد وسوم, كن أول من يضع وسما على هذه التسجيلة!

MARC

LEADER 00000nam a2200000 a 4500
001 UCQ8990
003 CL-VaPUC
008 981218e19970000US |||||||||||||||||eng|d
082 0 4 |a 628.5  |b SUT  |2 21 
100 0 |a Suthersan, Suthan S  |e author  |9 423366 
245 1 0 |a Remediation engineering: design concepts 
300 |a 362 p 
942 |c BK 
945 |d 19981218 00:00:00  |a aarredon 
260 |a Boca Ratón  |b Lewis Publishers  |c 1997 
650 7 |a POLUCION  |2 CL-VaPUC  |9 373003 
650 0 |a Residuos   |9 343036 
650 0 |a Tecnología sanitaria  |9 262722 
650 7 |a QUIMICA DEL MEDIO AMBIENTE  |2 CL-VaPUC  |9 306783 
650 0 |a Contaminación ambiental  |9 314181 
650 0 |a Residuos industriales  |9 261421 
650 0 |a Medio ambiente  |9 257625 
650 7 |a SOLIDIFICACION  |2 CL-VaPUC  |9 364027 
650 7 |a ESTABILIZACION DE SUELOS  |2 CL-VaPUC  |9 262770 
583 |a last modification  |c 19981218 00:00:00  |k Rodrigo Vera 
999 |c 278152  |d 278150 
952 |0 0  |1 0  |4 0  |6 628_500000000000000_SUT_1997  |7 0  |8 A  |9 316546  |a BIBING  |b BIBING  |d 2019-11-20  |i 348694K  |o 628.5 SUT 1997  |p 348694K  |r 2025-01-20  |w 2019-11-20  |y BK  |k EIQ